000 00927nac a22002897a 4500
001 BR8404354
003 BR-BrBNA
005 20240105120143.0
008 230509b bl.|||m| |||| 00| 0 por d
040 _aBR-BrBNA
_bpor
_cBiblioteca Nacional de Agricultura
072 _aF30; F01
090 _a0331 BR8404354
100 1 _aCruz, P.J.
100 1 _aRego, J.R.S.
100 1 _aSantos, L.A.R.
100 1 _aMoura, G. de M.
110 1 _aEmpresa de Pesquisa Agropecuaria da Bahia S.A., Salvador (Brasil)
_94094
245 1 _aAvaliacao de cultivares de mamona (Ricinus communis L.)de porte alto
260 3 _aSalvador, BA (Brasil):
_c1984.
300 _a10 p.
490 _aCircular Tecnica - Empresa de Pesquisa Agropecuaria da Bahia (Brazil)
_vno. 7
_xISSN 0100-4816
650 _aMAMONA
650 _aVARIEDADE
650 _aPLANTIO
909 _a202312
_bLúcia Elande
_c55
_dLúcia Elande
942 _2AGRIS
_n0
_cMS
999 _c278140
_d278140